Statistics for Chinese to English (6)

Click here to take the quiz!

General Stats

  • This quiz has been taken 16 times
  • The average score is 11 of 15

Answer Stats

ChineseEnglish% Correct
爸爸father
92%
媽媽mother
92%
阿姨aunt
85%
舅母aunt
85%
祖父grandfather
85%
祖母grandmother
85%
叔叔uncle
85%
舅舅uncle
85%
伯伯uncle
85%
表哥cousin
69%
表妹cousin
69%
表姐cousin
69%
表弟cousin
69%
奶奶grandma
46%
爺爺grandpa
46%

Score Distribution

Percentile by Number Answered

Percent of People with Each Score

Your Score History

You have not taken this quiz